| 000 | 00901nam a2200229 a 4500 | ||
|---|---|---|---|
| 001 | 39156 | ||
| 003 | BD-RjUL | ||
| 005 | 20211209052929.0 | ||
| 008 | 160405s2012 bg ||||e |||| 000 0 ben d | ||
| 020 |
_a9840749862 _cTK.160.00 |
||
| 035 | _a(BD-RjUL) 39268 | ||
| 040 |
_aBD-RjUL _bben _cBD-RjUL |
||
| 041 | _aben | ||
| 082 |
_223 _bBAB 2012 _a305.563 |
||
| 100 |
_aবাছির, আবদুল _9120810 |
||
| 245 | 1 | 0 |
_aবাংলার কৃষক বিদ্রোহ ও মধবিত্তশ্রেণি : _b(১৭৫৭-১৮৫৭) / _cআবদুল বাছির |
| 260 |
_aঢাকা : _bবাংলা একাডেমী, _c২০১২ |
||
| 300 |
_a[ছয়], ১৭২ পৃ. ; _c২২ সেমি. |
||
| 650 |
_aকৃষি ও মধবিত্তশ্রেণি _9120824 |
||
| 650 |
_aAgricultural Lower Classes _9120825 |
||
| 942 |
_2ddc _cBK _07 |
||
| 999 |
_c39156 _d39156 |
||